| 000 | 01652nam a2200289Ia 4500 | ||
|---|---|---|---|
| 999 |
_c37542 _d37542 |
||
| 001 | 3507 | ||
| 003 | GE_BSU | ||
| 005 | 20190618182751.0 | ||
| 008 | 181216s2010||||ge |||||||||||||| ||geo|| | ||
| 020 | _a9789941022197 | ||
| 040 | _cGE_BSU | ||
| 041 | _ageo | ||
| 080 | _a37 ს–82 | ||
| 245 |
_aსტატიები განათლების საკითხებზე : _bკრებული / _cმთარგმნ. მაია ჩანქსელიანი, თეო ნეფარიძე ; რედ.: მაია მენაბდე, სოფიო გორგოძე, ნათია ნაცვლიშვილი. |
||
| 264 |
_aთბილისი : _bმასწავლებელთა პროფეს. განვითარების ცენტრი, _c2010. |
||
| 300 |
_a168 გვ. ; _b24 სმ. |
||
| 504 | _a ბიბლიოგრ.: გვ. 166-168. | ||
| 653 | _aგანათლება | ||
| 700 |
_aჰარგრივსი, ენდი _eავტორი _92566 |
||
| 700 |
_aლაბარე, დევიდ ფ. _eავტორი _92567 |
||
| 700 |
_aგარდნერი, ჰოვარდ _eავტორი _92568 |
||
| 700 |
_aდონოვანი, სიუზან მ. და სხვ. _eავტორი _92569 |
||
| 700 |
_aჩანქსელიანი, მაია _eმთარგმნელი _92570 |
||
| 700 |
_aნეფარიძე, თეო _eმთარგმნელი _92571 |
||
| 700 |
_aმენაბდე, მაია და სხვ. _eრედაქტორი _92572 |
||
| 942 |
_cBK _2udc |
||